| 000 | 00360pab a2200157 454500 | ||
|---|---|---|---|
| 008 | 180718b2012 xxu||||| |||| 00| 0 eng d | ||
| 100 | _aDhananjay Kumar | ||
| 245 | _aRediscovering the traditional wisdom of nutrition | ||
| 260 | _c2012 | ||
| 300 | _ap.20-22. | ||
| 362 | _aOct | ||
| 650 | _aNutrition | ||
| 773 | _aYojana | ||
| 908 | _aN | ||
| 909 | _a97681 | ||
| 999 |
_c97680 _d97680 |
||